| 000 | 01022nam a22002655i 4500 | ||
|---|---|---|---|
| 001 | 165340 | ||
| 003 | ES-MaACL | ||
| 005 | 20250822035250.0 | ||
| 008 | 020903s1892 fr |||| | fre d | ||
| 040 |
_aCCPB | B _bspa _cCCPB | B |
||
| 100 | 1 |
_aSighele, Scipio. _9106306 |
|
| 245 | 1 | 3 |
_aLa foule criminelle _b: essai de psychologie collective / _cScipio Sighele ; traduit de l'italien par Paul Vigny. |
| 260 |
_aParis : _bancienne Librairie Germer Baillière et C\pie\s, Félix Alcan, éditeur, _c1892 ( _ePignerol : _fImprimerie Chiantore-Mascarelli) |
||
| 300 |
_aVII, 185 p. ; _c18 cm. |
||
| 490 | 1 | _aBibliothèque de philosophie contemporaine | |
| 650 | 0 | 7 |
_aPsicología social _2embne _916573 |
| 650 | 4 |
_aDelincuencia. _911551 |
|
| 700 | 1 | 1 |
_aVigny, Paul, _etrad. _9133713 |
| 752 |
_aFrancia - _dParís |
||
| 752 |
_aFrancia - _dPignerol |
||
| 830 | 0 |
_aBibliothèque de philosophie contemporaine _9181027 |
|
| 852 |
_aES-MaACL _jF-11698 _z-- Enc. pasta |
||
| 999 |
_c165340 _d165340 |
||